| 000 | 01045 a2200205 4500 | ||
|---|---|---|---|
| 001 | 46045 | ||
| 005 | 20260407155733.0 | ||
| 008 | 260407a arg spa d | ||
| 003 | AR-UNSa-BCEJYS | ||
| 040 |
_aAR-UNSa-BCEJYS _bspa _cAR-UNSa-BCEJYS |
||
| 080 |
_a613.95/9 _xSalud e higiene Maternoinfantil |
||
| 245 | 1 | 0 |
_aEstado mundial de la infancia 2009 _pSalud materna y neonatal |
| 020 | _a978-92-806-4323-7 | ||
| 264 | 1 |
_aNew York : _bUNICEF |
|
| 505 | _a1. Salud maternal y neonatal: situación actual - 2. Crear un entorno propicio para la salud maternal y neonatal - 3. La atención continua a través del tiempo y del espacio: riesgos y oportunidades - 4. Fortalecer los sistemas sanitarios para mejorar las salud de la madre y del recién nacido - 5. Trabajar de manera coordinada en beneficio de la salud de la madre y del recién nacido - | ||
| 942 | _cBK | ||
| 590 | _aniveau_biblio:m niveau_hierar:0 | ||
| 100 | 1 | _aUNICEF | |
| 856 | 4 | 1 |
_uhttps://www.biblioeco.unsa.edu.ar/pmb/images/libros/L127294.jpg _yImagen de portada _qimage/jpeg |
| 999 |
_c4126 _d4126 |
||